Detalles MARC
| 000 -CABECERA |
| campo de control de longitud fija |
01271cam a2200289 i 4500 |
| 001 - NÚMERO DE CONTROL |
| campo de control |
000012606 |
| 005 - FECHA Y HORA DE LA ÚLTIMA TRANSACCIÓN |
| campo de control |
20200929163039.0 |
| 008 - DATOS DE LONGITUD FIJA--INFORMACIÓN GENERAL |
| campo de control de longitud fija |
800425s1946 sp af b f001 0 spa |
| 010 ## - NÚMERO DE CONTROL DE LA BIBLIOTECA DEL CONGRESO |
| Número de control de LC |
80468379 |
| 040 ## - FUENTE DE LA CATALOGACIÓN |
| Centro catalogador/agencia de origen |
DO-SdBNP |
| Centro/agencia transcriptor |
DLC |
| Centro/agencia modificador |
DLC |
| 043 ## - CÓDIGO DE ÁREA GEOGRÁFICA |
| Código de área geográfica |
e-sp--- |
| -- |
s-ve--- |
| 050 00 - SIGNATURA TOPOGRÁFICA DE LA BIBLIOTECA DEL CONGRESO |
| Número de clasificación |
F2331.O7 |
| Número de documento/Ítem |
R35 1946 |
| 082 00 - NÚMERO DE LA CLASIFICACIÓN DECIMAL DEWEY |
| Número de clasificación |
918.7/043 |
| 100 2# - ENTRADA PRINCIPAL--NOMBRE DE PERSONA |
| Nombre de persona |
Ramos Perez, Demetrio. |
| 9 (RLIN) |
4779 |
| 245 13 - MENCIÓN DE TÍTULO |
| Título |
El Tratado de limites de 1750 y la expedicion de Iturriaga al Orinoco / |
| Mención de responsabilidad, etc. |
Demetrio Ramos Perez ; prologo del Dr. Amando Melon y Ruiz de Gordejuela. |
| 260 ## - PUBLICACIÓN, DISTRIBUCIÓN, ETC. |
| Lugar de publicación, distribución, etc. |
Madrid : |
| Nombre del editor, distribuidor, etc. |
Consejo Superior de Investigaciones Cientificas, Instituto Juan Sebastian Elcano, |
| Fecha de publicación, distribución, etc. |
1946. |
| 300 ## - DESCRIPCIÓN FÍSICA |
| Extensión |
iv, 537 p., [5] leaves of plates : |
| Otras características físicas |
ill. ; |
| Dimensiones |
25 cm. |
| 500 ## - NOTA GENERAL |
| Nota general |
Originally presented as the author's thesis, Madrid, 1944. |
| 504 ## - NOTA DE BIBLIOGRAFÍA, ETC. |
| Nota de bibliografía, etc. |
Bibliography: p. [513]-525. |
| 500 ## - NOTA GENERAL |
| Nota general |
Includes indexes. |
| 651 #0 - PUNTO DE ACCESO ADICIONAL DE MATERIA--NOMBRE GEOGRÁFICO |
| Nombre geográfico |
Orinoco River (Venezuela And Colombia{Rpara} |
| Subdivisión general |
Discovery And Exploration. |
| 9 (RLIN) |
29303 |
| 651 #0 - PUNTO DE ACCESO ADICIONAL DE MATERIA--NOMBRE GEOGRÁFICO |
| Nombre geográfico |
Orinoco River Valley (Venezuela And Colombia{Rpara} |
| Subdivisión general |
Discovery And Exploration. |
| 9 (RLIN) |
29304 |
| 600 10 - PUNTO DE ACCESO ADICIONAL DE MATERIA--NOMBRE DE PERSONA |
| Nombre de persona |
Iturriaga, Jose de. |
| 9 (RLIN) |
29305 |
| 610 10 - PUNTO DE ACCESO ADICIONAL DE MATERIA--NOMBRE DE ENTIDAD CORPORATIVA |
| Nombre de entidad corporativa o nombre de jurisdicción como elemento de entrada |
Portugal. |
| Título de la obra |
Treaties, etc. |
| Información miscelánea |
Spain, |
| Fecha del congreso/reunión o de la firma de un tratado |
1750 Jan. 13. |
| 9 (RLIN) |
29306 |
| 710 2# - PUNTO DE ACCESO ADICIONAL--NOMBRE DE ENTIDAD CORPORATIVA |
| Nombre de entidad corporativa o nombre de jurisdicción como elemento de entrada |
Instituto Juan Sebastian Elcano. |
| 9 (RLIN) |
29307 |
| 910 ## - DATOS DE OPCIÓN DEL USUARIO (OCLC) |
| Datos de opción del usuario |
Catalogación por copia / LC |